000 00981nam a2200217Ia 4500
008 0000002003 sp ad 0000000000spa00
090 _aPSP00 A56s
100 1 _aAmorós, Trini
245 1 0 _aSergio Barrera
_b: danza de recuerdos, pintura contra imagen
_c/ texto Trini Amorós, Sergio Barrera ; fotografías Toño Barreiro
300 _a52 p.
_c/ 22 cm.
500 _aExposición realizada en Galería Luis Adelantado de Valencia, España en los meses de enero y febrero de 2003 \ Incluye datos biográficos y cronología artística \ Donación Galería Nueve Ochenta, Bogotá 2014
600 0 0 _a BARRERA, SERGIO, 1967/
_xTRABAJOS PICTORICOS
650 1 4 _aARTE CONTEMPORANEO ESPAÑOL
650 1 4 _aARTISTAS PLASTICOS ESPAÑOLES EXPOSIONES
650 1 4 _xCATALOGOS
650 1 4 _xEXPOSICIONES
650 1 4 _aPINTORES ESPAÑOLES
650 1 4 _aPINTURA ESPAÑOLA
700 1 _aBarrera, Sergio, 1967
999 _c15423
_d15423
260 _aValencia : Galería Luis Adelantado
_c2003